00590nam a2200181 i 4500001000300000100003700003245008600040250001400126260002100140700001900161040000800180041000800188942000700196008004100203999001700244856009800261952004900359bg1 aJezierski, Andrzejd(1930-2002). 0aHistoria gospodarcza Polski Ludowej 1944-1985 /cAndrzej Jezierski, Barbara Petz. aWyd.3 zm. aWarszawa,c1988.1 aPetz, Barbara. cBPK apol cKS s pl f |000 0 pol  c28692d28692 uhttp://koha.tu.koszalin.pl/cgi-bin/koha/opac-detail.pl?biblionumber=28692yKatalog online BPK 00104070aBPKbBPKcwo34578p02133973yKS